000 00495nam a22001697a 4500
003 NUST
038 _aNusrat Nadeem
082 _a200
100 _aNaeem, Zainab
_9125685
245 _aFilm: Picture Perfect /
_cZainab Naeem,
264 _aIslamabad;
_bS3H NUST;
_c2024.
300 _a87,p;
_bill;
_c30,cm.
650 _aMS-Mass Communication
_9114380
700 _aSupervisor: Dr. Sundus Mustaqeem
_9125681
856 _uhttp://10.250.8.41:8080/xmlui/handle/123456789/46353
942 _2ddc
_cSC
999 _c611402
_d611402